Valuation for financial reporting: intangible assets, goodwill, and impairment analysis, SFAS 141 and 142 (Record no. 102578)

MARC details
000 -LEADER
fixed length control field 01087cam a2200289 4500
001 - CONTROL NUMBER
control field
008 - FIXED-LENGTH DATA ELEMENTS--GENERAL INFORMATION
fixed length control field #DATE n2002 000 0 eng u
020 ## - INTERNATIONAL STANDARD BOOK NUMBER
International Standard Book Number 0471237531
035 ## - SYSTEM CONTROL NUMBER
System control number (Sirsi) u120966
041 ## - LANGUAGE CODE
Language code of text/sound track or separate title eng
050 ## - LIBRARY OF CONGRESS CALL NUMBER
Classification number 657.73
-- 18
100 ## - MAIN ENTRY--PERSONAL NAME
Personal name Mard, Michael J.
245 ## - TITLE STATEMENT
Title Valuation for financial reporting: intangible assets, goodwill, and impairment analysis, SFAS 141 and 142
260 ## - PUBLICATION, DISTRIBUTION, ETC.
Place of publication, distribution, etc. New York
Name of publisher, distributor, etc. Wiley
Date of publication, distribution, etc. 2002
300 ## - PHYSICAL DESCRIPTION
Extent xviii, 174p.
Dimensions 25cm.
350 ## - PRICE (NR) (BK AM CF MU VM SE) [OBSOLETE]
Price 45
520 ## - SUMMARY, ETC.
Summary, etc. An American text which provides guidance on the identification, measurement, and management of intangible assets and goodwill pursuant to the Financial Accounting Standards Board Statements of Financial Accounting Standards (SFAS) No. 141, 'Business combinations', and No. 142 'Goodwill and other intangible assets'.
650 ## - SUBJECT ADDED ENTRY--TOPICAL TERM
Topical term or geographic name entry element ACCOUNTING STANDARDS
650 ## - SUBJECT ADDED ENTRY--TOPICAL TERM
Topical term or geographic name entry element GOODWILL
650 ## - SUBJECT ADDED ENTRY--TOPICAL TERM
Topical term or geographic name entry element INTANGIBLES
650 ## - SUBJECT ADDED ENTRY--TOPICAL TERM
Topical term or geographic name entry element Valuation
9 (RLIN) 6273
690 ## - LOCAL SUBJECT ADDED ENTRY--TOPICAL TERM (OCLC, RLIN)
Topical term or geographic name as entry element RATING AND VALUATION
700 ## - ADDED ENTRY--PERSONAL NAME
Personal name Hitchner, James R.
700 ## - ADDED ENTRY--PERSONAL NAME
Personal name Hyden, Steven D.
700 ## - ADDED ENTRY--PERSONAL NAME
Personal name Zyla, Mark L.
942 ## - ADDED ENTRY ELEMENTS (KOHA)
Suppress in OPAC 0
Holdings
Withdrawn status Lost status Source of classification or shelving scheme Damaged status Not for loan Home library Current library Shelving location Date acquired Cost, normal purchase price Total Checkouts Full call number Barcode Date last seen Date last checked out Copy number Cost, replacement price Price effective from Koha item type
    Dewey Decimal Classification     London London Books 18/03/2003 41.61 8 657.73 MAR 30068446 06/08/2019 06/01/2009 1 41.61 06/08/2019 Book